[Event "Bad Breisig Sen"]
[Site "?"]
[Date "2002.??.??"]
[Round "7"]
[White "Vogel, Gerhard"]
[Black "Suess, Horst"]
[Result "1-0"]
[WhiteElo "1354"]
[BlackElo "1450"]
[PlyCount "122"]
[EventDate "2002.??.??"]

1. Nf3 Nf6 2. c4 e6 3. Nc3 Bb4 4. Qc2 d6 5. g3 Nbd7 6. Bg2 Nb6 7. b3 c6 8. a3
Bxc3 9. Qxc3 h6 10. d3 e5 11. e4 Be6 12. O-O Qc8 13. Qb4 Qd7 14. Be3 c5 15. Qd2
Ng4 16. Kh1 Nxe3 17. Qxe3 O-O 18. a4 Nc8 19. Ng1 Ne7 20. f4 exf4 21. gxf4 f5
22. e5 Nc6 23. Nf3 Nb4 24. Rf2 d5 25. Qxc5 Nxd3 26. Qe3 Nxf2+ 27. Qxf2 dxc4 28.
b4 Rac8 29. Nd4 Bd5 30. Nb5 b6 31. h3 Bxg2+ 32. Qxg2 Qc6 33. Nxa7 Qxg2+ 34.
Kxg2 Ra8 35. Nc6 Kf7 36. Kf3 Rfc8 37. b5 Ke6 38. Ke3 Rxc6 39. bxc6 Rc8 40. Kd4
Rxc6 41. Rg1 Kf7 42. Kd5 Rc5+ 43. Kd6 Rc8 44. Kd7 Re8 45. h4 Re7+ 46. Kc6 Re6+
47. Kd5 c3 48. Rc1 Rg6 49. Rxc3 Ke8 50. h5 Rg1 51. Rc4 Rd1+ 52. Ke6 Rd8 53.
Kxf5 Kf8 54. Rb4 Ra8 55. Rd4 Ke7 56. Kg6 Kf8 57. f5 Kg8 58. Rd7 Rxa4 59. Rxg7+
Kf8 60. Kxh6 b5 61. Rb7 b4 1-0

[Event "Bad Breisig Sen"]
[Site "?"]
[Date "2002.??.??"]
[Round "7"]
[White "Ruppelt, Guenther"]
[Black "Jakubowski, Karl"]
[Result "1-0"]
[WhiteElo "1542"]
[BlackElo "1391"]
[PlyCount "75"]
[EventDate "2002.??.??"]

1. d4 d5 2. e3 Nf6 3. Bd3 Bg4 4. Ne2 e6 5. O-O Be7 6. Nd2 O-O 7. f4 Nbd7 8. a3
b6 9. Qe1 Bxe2 10. Qxe2 c5 11. c3 c4 12. Bc2 b5 13. e4 dxe4 14. Nxe4 Nxe4 15.
Bxe4 Rb8 16. Rf3 f5 17. Bc2 Rf6 18. Be3 Rg6 19. Kh1 Bd6 20. Re1 Nf6 21. Bc1 Nd5
22. Qf1 Qc7 23. g3 Re8 24. Bxf5 Rh6 25. Rf2 Qb8 26. Be4 Nf6 27. Bf3 Re7 28.
Rfe2 Qc8 29. Qg2 Kf8 30. f5 exf5 31. Bxh6 gxh6 32. Rxe7 Bxe7 33. Qh3 h5 34. Re5
Ng4 35. Bxg4 hxg4 36. Qxh7 Qc6+ 37. d5 Qf6 38. Rxf5 1-0

[Event "Bad Breisig Sen"]
[Site "?"]
[Date "2002.??.??"]
[Round "8"]
[White "Johannsen, Ingbert"]
[Black "Marzluf, Dieter"]
[Result "1-0"]
[WhiteElo "1979"]
[BlackElo "1831"]
[PlyCount "85"]
[EventDate "2002.??.??"]

1. e4 e6 2. d3 d5 3. f3 c5 4. Nh3 Nc6 5. g3 Nf6 6. Bg2 Bd6 7. O-O e5 8. Nd2 Be6
9. Ng5 Bd7 10. exd5 Nxd5 11. Nc4 Bc7 12. f4 Nde7 13. fxe5 Be6 14. Nxe6 fxe6 15.
Be3 b6 16. Qf3 Kd7 17. Qe4 Qe8 18. Bg5 h6 19. Bxe7 Kxe7 20. Qxc6 Qxc6 21. Bxc6
Raf8 22. Rxf8 Rxf8 23. Rf1 Rxf1+ 24. Kxf1 a6 25. a4 Kf7 26. Ke2 Kg6 27. Kf3 Kf7
28. Ke4 Ke7 29. c3 a5 30. d4 cxd4 31. cxd4 Bd8 32. d5 exd5+ 33. Bxd5 Bc7 34. g4
Bd8 35. Kf5 Kf8 36. Kg6 Bc7 37. h4 Bd8 38. h5 Bc7 39. b3 Bd8 40. Nd6 Bc7 41.
Bc4 Bd8 42. Nf5 Bg5 43. Nxg7 1-0

[Event "Bad Breisig Sen"]
[Site "?"]
[Date "2002.??.??"]
[Round "9"]
[White "Schulz, Eckhard"]
[Black "Peters, Paul"]
[Result "1-0"]
[WhiteElo "1855"]
[BlackElo "2090"]
[PlyCount "91"]
[EventDate "2002.??.??"]

1. d4 Nf6 2. c4 e6 3. Nc3 Bb4 4. e3 c5 5. Bd3 Nc6 6. Nf3 Bxc3+ 7. bxc3 d6 8.
O-O O-O 9. e4 e5 10. d5 Ne7 11. Ne1 Ng6 12. g3 Bh3 13. Ng2 h6 14. Rb1 Qd7 15.
Re1 Bxg2 16. Kxg2 Rab8 17. h4 h5 18. Bg5 Ng4 19. f3 f6 20. Bd2 Nh6 21. f4 exf4
22. Qxh5 Qg4 23. Qxg4 Nxg4 24. gxf4 Ne7 25. Kg3 Nh6 26. Bf1 b6 27. Bh3 f5 28.
e5 Nc8 29. h5 Rb7 30. Re2 Re7 31. Rbe1 Rd7 32. a4 a6 33. Rb1 Rb7 34. Be1 Re8
35. Kf3 Kf8 36. Bh4 Kf7 37. Bg5 Rh8 38. Bxh6 gxh6 39. Bxf5 Ne7 40. Be6+ Kf8 41.
exd6 Ng8 42. d7 Rb8 43. Rxb6 Rd8 44. Bxg8 Rxg8 45. Rf6+ Kg7 46. Rg6+ 1-0

[Event "Bad Breisig Sen"]
[Site "?"]
[Date "2002.??.??"]
[Round "8"]
[White "Blutharsch, Walter"]
[Black "Wild, Gerhard"]
[Result "1/2-1/2"]
[WhiteElo "1789"]
[BlackElo "1974"]
[PlyCount "85"]
[EventDate "2002.??.??"]

1. e4 c5 2. Nc3 e6 3. Nf3 a6 4. d3 Nc6 5. Be2 d6 6. O-O Nf6 7. Bg5 Be7 8. Qd2
O-O 9. h3 b5 10. a3 Bb7 11. Rad1 Qc7 12. Rfe1 Rac8 13. Nb1 Rfd8 14. Qc1 h6 15.
Bf4 e5 16. Bh2 Nd4 17. Nxd4 cxd4 18. c3 Qb6 19. Qd2 Nd7 20. Rf1 Bg5 21. Qe1 Be7
22. Kh1 d5 23. Bg4 Bd6 24. Bg1 Rc7 25. f4 Re8 26. f5 Nf6 27. Bf3 Bc5 28. b4 Bd6
29. Qe2 dxe4 30. dxe4 Qc6 31. Rfe1 dxc3 32. Rc1 c2 33. Nd2 Qc3 34. Qe3 Rec8 35.
Nb3 Nd7 36. Na1 Be7 37. Qe2 Qxa3 38. Rxc2 Qxb4 39. Rb2 Qc4 40. Qd1 Nf6 41. Rc2
Qa4 42. Rxc7 Qxd1 43. Rxc8+ 1/2-1/2

[Event "Bad Breisig Sen"]
[Site "?"]
[Date "2002.??.??"]
[Round "8"]
[White "Oser, Thor"]
[Black "Kahler, Kurt"]
[Result "1-0"]
[WhiteElo "1684"]
[BlackElo "1676"]
[PlyCount "41"]
[EventDate "2002.??.??"]

1. e4 c5 2. Nf3 Nc6 3. d4 cxd4 4. Nxd4 e5 5. Nb3 Nf6 6. N1d2 d5 7. exd5 Qxd5 8.
f3 Bf5 9. Bc4 Qd7 10. a3 Rd8 11. O-O Bd6 12. Kh1 Bc7 13. Qe2 Qe7 14. Ne4 Nd4
15. Nxd4 Bxe4 16. Bb5+ Bc6 17. Bxc6+ bxc6 18. Nxc6 Qe6 19. Nxd8 Kxd8 20. Be3 e4
21. Rad1+ 1-0

[Event "Bad Breisig Sen"]
[Site "?"]
[Date "2002.??.??"]
[Round "8"]
[White "Philipp, Guenther"]
[Black "Alicke, Manfred"]
[Result "1/2-1/2"]
[WhiteElo "1703"]
[BlackElo "1598"]
[PlyCount "87"]
[EventDate "2002.??.??"]

1. d4 g6 2. Nf3 d6 3. Bf4 Nf6 4. h3 Bf5 5. e3 h6 6. c3 a6 7. Bd3 Be4 8. Bxe4
Nxe4 9. Qb3 Qc8 10. Nbd2 Nxd2 11. Nxd2 Nd7 12. O-O Bg7 13. Bh2 O-O 14. Rfe1 c6
15. Rad1 Qc7 16. e4 Qb6 17. Qxb6 Nxb6 18. Bf4 Na4 19. Rb1 b5 20. Rec1 Nb6 21.
Be3 Nd7 22. Nf3 f6 23. Rd1 Kh7 24. Rbc1 Nb6 25. b3 h5 26. d5 c5 27. Nd2 Nd7 28.
Nf3 Bh6 29. Bxh6 Kxh6 30. Re1 Rae8 31. Re2 g5 32. g4 hxg4 33. hxg4 Ne5 34. Nxe5
fxe5 35. Kg2 Rh8 36. Rh1+ Kg6 37. Rxh8 Rxh8 38. Rb2 Kf6 39. a4 Ra8 40. a5 e6
41. Rd2 Rc8 42. Kf3 Rh8 43. Kg2 Rh4 44. Kf3 1/2-1/2

[Event "Bad Breisig Sen"]
[Site "?"]
[Date "2002.??.??"]
[Round "8"]
[White "Ruppelt, Guenther"]
[Black "Homes, Helmut"]
[Result "0-1"]
[WhiteElo "1542"]
[BlackElo "1796"]
[PlyCount "80"]
[EventDate "2002.??.??"]

1. d4 Nf6 2. e3 e6 3. Bd3 d5 4. Nd2 c5 5. c3 Nc6 6. f4 c4 7. Bc2 b5 8. a3 Be7
9. Qe2 O-O 10. Ngf3 Bb7 11. O-O Qc7 12. Ng5 h6 13. Nh3 a5 14. g4 b4 15. e4 Qb6
16. e5 Nh7 17. Nf3 Rfe8 18. Kh1 f6 19. Bg6 Rf8 20. Qc2 fxe5 21. Bxh7+ Kh8 22.
g5 e4 23. g6 exf3 24. Rxf3 bxc3 25. bxc3 e5 26. Be3 exd4 27. cxd4 Nxd4 28. Qd1
Bc5 29. Rb1 Nb3 30. Bxc5 Qxc5 31. Rf2 d4+ 32. Kg1 Qd5 33. Kf1 Ba6 34. Kg1 Nc5
35. Qg4 Ne4 36. Qf3 Qf5 37. Rb6 Nxf2 38. Kxf2 d3 39. Qe3 c3 40. Qd4 Qxh3 0-1

[Event "Bad Breisig Sen"]
[Site "?"]
[Date "2002.??.??"]
[Round "8"]
[White "Rogowski, Walter"]
[Black "Struwecker, Sigurd"]
[Result "1-0"]
[WhiteElo "1556"]
[BlackElo "1700"]
[PlyCount "109"]
[EventDate "2002.??.??"]

1. d4 Nf6 2. Nf3 d5 3. g3 Bg4 4. Bg2 e6 5. O-O Nbd7 6. Bf4 h6 7. Ne5 Bd6 8. f3
Bf5 9. Nd2 O-O 10. e4 dxe4 11. Nxd7 Qxd7 12. fxe4 Bxf4 13. Rxf4 Qxd4+ 14. Kh1
Rfd8 15. exf5 Qxd2 16. Qf3 e5 17. Rc4 c6 18. Qf1 Rd6 19. Bf3 Rad8 20. Re1 Nd5
21. Re2 Qg5 22. Rce4 Qf6 23. Rxe5 Nc7 24. Qf2 b6 25. c4 Rd1+ 26. Kg2 Qd6 27.
Re7 Rd7 28. Rxd7 Qxd7 29. g4 Kf8 30. h3 Qd4 31. b3 c5 32. Qxd4 Rxd4 33. Kf2 g6
34. Be4 Ne8 35. fxg6 Nf6 36. Bf5 fxg6 37. Bxg6 Kg7 38. Bf5 Ng8 39. Kf3 Kf6 40.
h4 Rd6 41. Kf4 Rd4+ 42. Be4 Ne7 43. Kf3 Rd7 44. Ke3 Kg7 45. Rd2 Rxd2 46. Kxd2
Kf6 47. Kd3 Ke5 48. Ke3 Kf6 49. Kf4 Nc8 50. g5+ hxg5+ 51. hxg5+ Kg7 52. Ke5 a6
53. Bf5 Ne7 54. Be4 b5 55. Kd6 1-0

[Event "Bad Breisig Sen"]
[Site "?"]
[Date "2002.??.??"]
[Round "8"]
[White "Suess, Horst"]
[Black "Dziomba, Armin"]
[Result "0-1"]
[WhiteElo "1450"]
[BlackElo "1673"]
[PlyCount "124"]
[EventDate "2002.??.??"]

1. e4 g6 2. d4 Bg7 3. Nf3 e6 4. Bc4 Ne7 5. Bg5 O-O 6. O-O Qe8 7. c3 a6 8. Bb3
b5 9. Bc2 Bb7 10. Nbd2 d6 11. Re1 Nd7 12. Nf1 f6 13. Bd2 Rd8 14. Bb3 Nc8 15. d5
e5 16. Ng3 Ne7 17. Rc1 Nc5 18. Bc2 Bc8 19. b4 Nb7 20. h3 g5 21. Nh2 Ng6 22. Nf3
Nf4 23. Bxf4 gxf4 24. Nf1 Qh5 25. N1h2 Kh8 26. a4 Bh6 27. Kh1 Bd7 28. axb5 axb5
29. Bd3 Rg8 30. Rg1 c5 31. dxc6 Bxc6 32. c4 bxc4 33. Rxc4 Rc8 34. Qc2 Qe8 35.
b5 Bd7 36. Rxc8 Qxc8 37. Qxc8 Rxc8 38. Ra1 Nc5 39. Ne1 Nxd3 40. Nxd3 Bxb5 41.
Nb4 Bg7 42. Nd5 h5 43. Kg1 Bd3 44. f3 Re8 45. Ra7 Bc4 46. Ne7 Be6 47. Ng6+ Kh7
48. Ne7 Kh6 49. Nf1 Bf8 50. Nd5 Kg5 51. Nc7 Re7 52. Nxe6+ Rxe6 53. g3 Re8 54.
h4+ Kg6 55. Kg2 fxg3 56. Nxg3 Rd8 57. Nf5 d5 58. Ne7+ Bxe7 59. Rxe7 dxe4 60.
fxe4 Rd4 61. Kf3 Rd3+ 62. Ke2 Rh3 0-1

[Event "Bad Breisig Sen"]
[Site "?"]
[Date "2002.??.??"]
[Round "9"]
[White "Blutharsch, Walter"]
[Black "Johannsen, Ingbert"]
[Result "1/2-1/2"]
[WhiteElo "1789"]
[BlackElo "1979"]
[PlyCount "33"]
[EventDate "2002.??.??"]

1. e4 e5 2. Nf3 Nc6 3. Bc4 Be7 4. c3 Nf6 5. d3 O-O 6. O-O d5 7. exd5 Nxd5 8. h3
Be6 9. Nbd2 f5 10. Re1 Bf6 11. Nf1 Kh8 12. Ng3 g6 13. Bh6 Re8 14. Qd2 Nf4 15.
Bxf4 exf4 16. Qxf4 g5 17. Qd2 1/2-1/2

[Event "Bad Breisig Sen"]
[Site "?"]
[Date "2002.??.??"]
[Round "9"]
[White "Homes, Helmut"]
[Black "Schulz, Eckhard"]
[Result "1/2-1/2"]
[WhiteElo "1796"]
[BlackElo "1855"]
[PlyCount "29"]
[EventDate "2002.??.??"]

1. e4 c6 2. Nc3 d5 3. Nf3 Bg4 4. h3 Bxf3 5. Qxf3 e6 6. exd5 cxd5 7. d4 Nc6 8.
Bb5 Nf6 9. Bg5 Be7 10. Rd1 Rc8 11. O-O O-O 12. a3 Qb6 13. Bxc6 Rxc6 14. Rd3
Rfc8 15. g4 1/2-1/2

[Event "Bad Breisig Sen"]
[Site "?"]
[Date "2002.??.??"]
[Round "9"]
[White "Schneider, Miloca"]
[Black "Wild, Gerhard"]
[Result "1/2-1/2"]
[WhiteElo "2078"]
[BlackElo "1974"]
[PlyCount "40"]
[EventDate "2002.??.??"]

1. d4 d5 2. Nf3 Nf6 3. c4 e6 4. Nc3 c6 5. Bg5 Be7 6. e3 O-O 7. Qc2 Nbd7 8. Bd3
h6 9. Bh4 b6 10. cxd5 cxd5 11. O-O a6 12. Rac1 Bb7 13. Qe2 Ne4 14. Bxe7 Qxe7
15. Rc2 Rfc8 16. Rfc1 Nd6 17. b3 Qd8 18. Ne5 Nxe5 19. dxe5 Ne4 20. Qg4 Nc5
1/2-1/2

[Event "Bad Breisig Sen"]
[Site "?"]
[Date "2002.??.??"]
[Round "9"]
[White "Marzluf, Dieter"]
[Black "Philipp, Guenther"]
[Result "1/2-1/2"]
[WhiteElo "1831"]
[BlackElo "1703"]
[PlyCount "44"]
[EventDate "2002.??.??"]

1. d4 Nf6 2. Bg5 d5 3. e3 Bf5 4. Bd3 Bxd3 5. Qxd3 Nbd7 6. Nd2 e6 7. e4 dxe4 8.
Nxe4 c6 9. Nf3 Be7 10. Nxf6+ Bxf6 11. Be3 Nb6 12. O-O O-O 13. a4 Qe7 14. Qb3
Rad8 15. c4 Rfe8 16. a5 Nc8 17. Rfe1 a6 18. Rad1 Qc7 19. Qa2 e5 20. d5 e4 21.
Nd2 Be5 22. g3 f5 1/2-1/2

[Event "Bad Breisig Sen"]
[Site "?"]
[Date "2002.??.??"]
[Round "9"]
[White "Kahler, Kurt"]
[Black "Dunkel, Horst"]
[Result "1/2-1/2"]
[WhiteElo "1676"]
[BlackElo "1703"]
[PlyCount "33"]
[EventDate "2002.??.??"]

1. e4 d5 2. exd5 Qxd5 3. Nc3 Qa5 4. Nf3 Nf6 5. d3 Bg4 6. Be2 c6 7. Bd2 e6 8. h3
Bxf3 9. Bxf3 Be7 10. Qe2 Qb6 11. O-O Nbd7 12. Rab1 O-O 13. Ne4 Rfe8 14. Bc3 Qc7
15. Rbd1 Ne5 16. Bxe5 Qxe5 17. Nxf6+ 1/2-1/2

[Event "Bad Breisig Sen"]
[Site "?"]
[Date "2002.??.??"]
[Round "9"]
[White "Alicke, Manfred"]
[Black "Schumacher, Ursula"]
[Result "1/2-1/2"]
[WhiteElo "1598"]
[BlackElo "1526"]
[PlyCount "34"]
[EventDate "2002.??.??"]

1. d4 c6 2. e4 d5 3. e5 Bf5 4. g4 Bg6 5. Bd3 Bxd3 6. Qxd3 e6 7. h4 Nd7 8. Be3
Qc7 9. Nf3 c5 10. c3 Ne7 11. Na3 a6 12. Qd2 cxd4 13. Bxd4 Nc6 14. Qe3 Rc8 15.
O-O Be7 16. Rfe1 O-O 17. Ng5 Bxg5 1/2-1/2

[Event "Bad Breisig Sen"]
[Site "?"]
[Date "2002.??.??"]
[Round "9"]
[White "Dziomba, Armin"]
[Black "Ruppelt, Guenther"]
[Result "1-0"]
[WhiteElo "1673"]
[BlackElo "1542"]
[PlyCount "61"]
[EventDate "2002.??.??"]

1. Nf3 d6 2. c4 g6 3. Nc3 Bg7 4. d4 c6 5. Bf4 Nd7 6. e3 c5 7. Rc1 Ngf6 8. Be2
O-O 9. O-O Nh5 10. Bg3 Nxg3 11. hxg3 Re8 12. d5 f5 13. Ng5 Nf8 14. Bf3 h6 15.
Nh3 g5 16. Bh5 g4 17. Nf4 e6 18. Bxe8 e5 19. Ba4 exf4 20. gxf4 Nd7 21. Qe2 Nf6
22. Bc2 Bd7 23. e4 fxe4 24. Nxe4 Qf8 25. Qd3 Qf7 26. Nxd6 Qe7 27. Nf5 Qf7 28.
Rfe1 Rf8 29. Ne7+ Kh8 30. Ng6+ Kg8 31. Re7 1-0

[Event "Bad Breisig Sen"]
[Site "?"]
[Date "2002.??.??"]
[Round "9"]
[White "Vogel, Gerhard"]
[Black "Struwecker, Sigurd"]
[Result "1/2-1/2"]
[WhiteElo "1354"]
[BlackElo "1700"]
[PlyCount "96"]
[EventDate "2002.??.??"]

1. Nf3 Nf6 2. c4 c5 3. Nc3 e6 4. d3 Be7 5. g3 b6 6. Bg2 Bb7 7. O-O O-O 8. Bf4
d6 9. Qc2 Nc6 10. e4 e5 11. Be3 Qd7 12. h3 h6 13. a3 Nh7 14. Kh2 Kh8 15. Qd1
Nd4 16. Ng1 f5 17. Nd5 Bxd5 18. exd5 f4 19. Bd2 fxg3+ 20. fxg3 Rxf1 21. Bxf1
Rf8 22. Be3 Nf5 23. Qe1 Nxe3 24. Qxe3 Bg5 25. Qe2 Qf5 26. Bg2 Qf2 27. Qxf2 Rxf2
28. Rb1 Rd2 29. Nf3 Rxd3 30. h4 Be3 31. Kh3 Nf6 32. Ne1 Rb3 33. Nf3 g6 34. Nh2
Kg7 35. Bf3 Bd4 36. Bg4 Nxg4 37. Nxg4 a6 38. Rf1 Rxb2 39. Rf6 h5 40. Rxd6 hxg4+
41. Kxg4 e4 42. Rd7+ Kh6 43. Rd6 Rh2 44. Re6 Rf2 45. Rxe4 Rf6 46. a4 Bc3 47.
Re3 Bd4 48. Re4 Rd6 1/2-1/2

[Event "Bad Breisig Sen"]
[Site "?"]
[Date "2002.??.??"]
[Round "9"]
[White "Jakubowski, Karl"]
[Black "Rogowski, Walter"]
[Result "1-0"]
[WhiteElo "1391"]
[BlackElo "1556"]
[PlyCount "147"]
[EventDate "2002.??.??"]

1. c4 b6 2. d3 Bb7 3. Nc3 e6 4. e4 Bb4 5. Nge2 Ne7 6. g3 f5 7. Bg2 fxe4 8. O-O
d5 9. dxe4 Bxc3 10. Nxc3 d4 11. Nb5 c5 12. Bf4 O-O 13. Qg4 Bc8 14. e5 Nbc6 15.
Bg5 Nxe5 16. Bxe7 Qxe7 17. Qe2 Ba6 18. Qxe5 Rad8 19. b3 Bc8 20. Rae1 Rf5 21.
Qc7 Rf7 22. Qxe7 Rxe7 23. Re5 a6 24. Na3 d3 25. Rd1 Kf7 26. Nb1 Kf6 27. Re3
Red7 28. Nd2 g6 29. Rde1 Re7 30. Rf3+ Kg7 31. Rfe3 h5 32. Bh3 Kf7 33. Rd1 Bb7
34. Rde1 Bc8 35. Bf1 g5 36. Rxd3 Rxd3 37. Bxd3 Rd7 38. Re3 Bb7 39. Nf3 Kf6 40.
Bf1 g4 41. Ne1 Rd2 42. Re2 Rd1 43. Bg2 Bc8 44. f3 Bb7 45. fxg4 Bxg2 46. Kxg2
hxg4 47. Kf2 Rd8 48. Ng2 e5 49. Ne3 Rd4 50. Nd5+ Kf5 51. Nxb6 Rd3 52. Na4 Rf3+
53. Kg2 e4 54. Nxc5 e3 55. Nd3 Ke4 56. Nf4 Kd4 57. Kg1 a5 58. a3 Kc5 59. Nd3+
Kd4 60. Nf4 Kc5 61. Ne6+ Kd6 62. Ng5 Rf5 63. Ne4+ Ke5 64. Nc3 Kd4 65. Nd5 Rf3
66. Nf4 Kc5 67. Nd3+ Kd4 68. Ne1 Rf5 69. Ng2 Rf2 70. Rxe3 Rf3 71. Rxf3 gxf3 72.
Nf4 Ke3 73. Kf1 Kd4 74. Kf2 1-0

[Event "Bad Breisig B"]
[Site "?"]
[Date "2002.??.??"]
[Round "1"]
[White "Krah, Franz"]
[Black "Wnendt, Heike"]
[Result "1/2-1/2"]
[WhiteElo "1646"]
[BlackElo "1130"]
[PlyCount "66"]

1. e4 g6 2. d4 e6 3. Nc3 Bg7 4. Nf3 Ne7 5. Be3 O-O 6. Qd2 Re8 7. Bc4 b6 8. Bg5
Ba6 9. Bb3 f6 10. Bf4 Qc8 11. O-O-O Nbc6 12. d5 Na5 13. dxe6 Nxb3+ 14. axb3
dxe6 15. Qd7 Qxd7 16. Rxd7 c5 17. Rhd1 Nc6 18. Be3 Red8 19. R7d6 Rxd6 20. Rxd6
Nd8 21. Na4 Bf8 22. Rd7 Bb5 23. Rd2 Bf1 24. Ne1 Ba6 25. f3 Nc6 26. Nc3 Rd8 27.
Rxd8 Nxd8 28. Bf4 Nc6 29. Bc7 Be7 30. Kd1 Bd8 31. Bd6 Be7 32. Bc7 Bd8 33. Bd6
Be7 1/2-1/2

[Event "Bad Breisig B"]
[Site "?"]
[Date "2002.??.??"]
[Round "1"]
[White "De Mol, Ferdinand"]
[Black "Wempe, Felix"]
[Result "1-0"]
[WhiteElo "1500"]
[BlackElo "1164"]
[PlyCount "45"]

1. e4 e5 2. Nf3 Nc6 3. Bc4 b6 4. c3 Nf6 5. Qe2 d5 6. exd5 Nxd5 7. Nxe5 Bb7 8.
Nxc6+ Be7 9. Nxd8 Rxd8 10. Bxd5 Rxd5 11. d4 c5 12. O-O cxd4 13. cxd4 Rxd4 14.
Nc3 b5 15. Re1 Rd7 16. Qxb5 a6 17. Qa4 Kd8 18. Be3 Kc7 19. Bf4+ Bd6 20. Bxd6+
Rxd6 21. Re7+ Kc8 22. Rae1 Bc6 23. Qxa6+ 1-0

[Event "Bad Breisig B"]
[Site "?"]
[Date "2002.??.??"]
[Round "1"]
[White "Pillath, Marcus"]
[Black "Wempe, Moritz"]
[Result "1-0"]
[WhiteElo "1386"]
[BlackElo "1168"]
[PlyCount "47"]

1. d4 d5 2. Nf3 Nc6 3. Bf4 Bg4 4. Nbd2 g6 5. c3 Bg7 6. e3 e5 7. dxe5 Bxe5 8.
Bxe5 Nxe5 9. Qa4+ Qd7 10. Bb5 c6 11. Nxe5 cxb5 12. Qxg4 Nf6 13. Qxd7+ Nxd7 14.
Nxd7 Kxd7 15. Nf3 f6 16. O-O-O Kc6 17. Nd4+ Kd6 18. Nxb5+ Ke7 19. Rxd5 a6 20.
Nd4 Rad8 21. Rxd8 Rxd8 22. Rd1 Ke8 23. Kc2 Rd5 24. Ne6 1-0

[Event "Bad Breisig B"]
[Site "?"]
[Date "2002.??.??"]
[Round "1"]
[White "Schulz, Patrick"]
[Black "Simon, Peter"]
[Result "0-1"]
[WhiteElo "1367"]
[BlackElo "1200"]
[PlyCount "76"]

1. d4 Nf6 2. c4 e5 3. e3 exd4 4. exd4 Bb4+ 5. Bd2 Bxd2+ 6. Qxd2 O-O 7. Be2 d5
8. Nf3 dxc4 9. O-O b5 10. Nc3 c6 11. Rfd1 Bb7 12. Qc2 Nd5 13. a3 Nd7 14. b3
Nxc3 15. Qxc3 cxb3 16. Qxb3 a6 17. Qc2 Rc8 18. Bd3 h6 19. Bf5 Rc7 20. Be4 Nf6
21. Bf5 Bc8 22. Bxc8 Rxc8 23. Rac1 Qd6 24. Qb3 Nd5 25. Ne5 Rc7 26. Rd2 Re8 27.
Nf3 g6 28. Qd3 Nf4 29. Qf1 Rce7 30. Ra1 c5 31. dxc5 Qxc5 32. Qd1 Re2 33. Rxe2
Nxe2+ 34. Kh1 Qxf2 35. Qd6 Re6 36. Qd8+ Kg7 37. Qa5 Rf6 38. Qb4 Rxf3 0-1

[Event "Bad Breisig B"]
[Site "?"]
[Date "2002.??.??"]
[Round "1"]
[White "Tost, Guenter"]
[Black "Schellen, Sven"]
[Result "0-1"]
[WhiteElo "1364"]
[BlackElo "1312"]
[PlyCount "52"]

1. Nf3 c5 2. e4 d6 3. Bc4 e6 4. Nc3 a6 5. a4 Nc6 6. d4 cxd4 7. Nxd4 Nf6 8. Be3
Qc7 9. Qe2 Be7 10. O-O O-O 11. f4 Nxd4 12. Bxd4 e5 13. Be3 Bg4 14. Qd3 Rac8 15.
b3 Bd7 16. a5 Bd8 17. Bb6 Qc6 18. Nd5 Nxd5 19. exd5 Bxb6+ 20. Kh1 Qc5 21. axb6
Qxb6 22. f5 Qb4 23. Ra4 Bxa4 24. Ra1 b5 25. c3 Qc5 26. b4 Qxc4 0-1

[Event "Bad Breisig B"]
[Site "?"]
[Date "2002.??.??"]
[Round "2"]
[White "Wnendt, Heike"]
[Black "Schellen, Sven"]
[Result "0-1"]
[WhiteElo "1130"]
[BlackElo "1312"]
[PlyCount "66"]

1. g3 g6 2. e3 d5 3. Bg2 Bg7 4. Ne2 e6 5. O-O c6 6. d4 Nf6 7. Nbc3 Nbd7 8. b3
O-O 9. a4 Re8 10. Nf4 e5 11. Nh3 exd4 12. exd4 Qb6 13. Be3 Nf8 14. Ng5 Ng4 15.
Bh3 Nxe3 16. fxe3 Bxh3 17. Nxh3 Rxe3 18. Ne2 Rae8 19. Nhf4 g5 20. a5 Qc7 21. a6
gxf4 22. Nxf4 Qb6 23. Nh5 Bxd4 24. Qg4+ Ng6 25. axb7 R3e4+ 26. Kg2 Rxg4 27.
Nf6+ Bxf6 28. Rxf6 Qxb7 29. Raf1 Rge4 30. R1f2 Re2 31. h4 Rxf2+ 32. Rxf2 c5 33.
c3 d4+ 0-1

[Event "Bad Breisig B"]
[Site "?"]
[Date "2002.??.??"]
[Round "2"]
[White "Wempe, Moritz"]
[Black "Schulz, Patrick"]
[Result "0-1"]
[WhiteElo "1168"]
[BlackElo "1367"]
[PlyCount "106"]

1. e4 c5 2. Nf3 d6 3. d4 cxd4 4. Nxd4 Nf6 5. Nc3 g6 6. Bd2 Bg7 7. Nf3 O-O 8.
Bc4 Nc6 9. O-O Bd7 10. Ng5 Ne5 11. Bb3 h6 12. Nf3 Bg4 13. Nd5 Nxe4 14. Bf4 Ng5
15. Bxg5 hxg5 16. h3 Bxf3 17. gxf3 Qd7 18. f4 Nc6 19. Ba4 gxf4 20. Bxc6 bxc6
21. Nxf4 Bxb2 22. Rb1 Be5 23. Qf3 Bxf4 24. Qxf4 Qxh3 25. Rfe1 Rae8 26. Rb7 e5
27. Qf6 Re6 28. Qg5 Kg7 29. Rxa7 Rh8 30. Qg2 Qxg2+ 31. Kxg2 Rh4 32. a4 Rc4 33.
a5 Ra4 34. f3 Kf6 35. Kg3 Re7 36. Rxe7 Kxe7 37. f4 Rxa5 38. fxe5 Rxe5 39. Rf1
Ke6 40. Kg2 d5 41. Rf2 Rf5 42. Re2+ Kd6 43. Kg3 Kc5 44. Re3 f6 45. Kg4 Re5 46.
Rf3 Re4+ 47. Kh3 f5 48. Kg2 d4 49. c3 Kd5 50. cxd4 Kxd4 51. Rg3 Rg4 52. Rxg4+
fxg4 53. Kg3 c5 0-1

[Event "Bad Breisig B"]
[Site "?"]
[Date "2002.??.??"]
[Round "2"]
[White "Wempe, Felix"]
[Black "Pillath, Marcus"]
[Result "0-1"]
[WhiteElo "1164"]
[BlackElo "1386"]
[PlyCount "64"]

1. e4 c6 2. Nf3 d5 3. exd5 cxd5 4. d4 Bf5 5. Bd3 Bxd3 6. Qxd3 Nf6 7. Bg5 e6 8.
Ne5 Be7 9. O-O O-O 10. Qg3 Ne4 11. Qg4 Nxg5 12. Re1 Nc6 13. Nd2 Nxe5 14. dxe5
Rc8 15. c3 h6 16. Re3 Qb6 17. Rg3 Qxb2 18. Rd1 Rxc3 19. Nf3 Nxf3+ 20. gxf3 g5
21. h4 Rc1 22. f4 Rxd1+ 23. Qxd1 Rc8 24. Qh5 Qc1+ 25. Kg2 Qxf4 26. Qxh6 Qe4+
27. f3 Rc2+ 28. Kh3 Qf5+ 29. Rg4 Qxf3+ 30. Rg3 Qh1+ 31. Kg4 Rc4+ 32. Kh5 Rxh4#
0-1

[Event "Bad Breisig B"]
[Site "?"]
[Date "2002.??.??"]
[Round "3"]
[White "De Mol, Ferdinand"]
[Black "Wnendt, Heike"]
[Result "1-0"]
[WhiteElo "1500"]
[BlackElo "1130"]
[PlyCount "49"]

1. e4 g6 2. Bc4 Bg7 3. c3 e6 4. Qe2 Ne7 5. d4 O-O 6. Nf3 d5 7. Bd3 Nd7 8. Bf4
c5 9. Qd2 Re8 10. Bh6 Bh8 11. h4 c4 12. Bc2 dxe4 13. Bxe4 Nf5 14. h5 Bg7 15.
Bxg7 Nxg7 16. hxg6 fxg6 17. Qh6 Nf6 18. Ne5 Nxe4 19. Qxh7+ Kf8 20. Qh8+ Ke7 21.
Qxg7+ Kd6 22. Nf7+ Kc7 23. Nxd8+ Kxd8 24. Rh7 Re7 25. Qxe7# 1-0

[Event "Bad Breisig B"]
[Site "?"]
[Date "2002.??.??"]
[Round "3"]
[White "Schulz, Patrick"]
[Black "Wempe, Felix"]
[Result "1-0"]
[WhiteElo "1367"]
[BlackElo "1164"]
[PlyCount "33"]

1. d4 d5 2. c4 e6 3. Nc3 dxc4 4. e3 Nf6 5. Bxc4 Nd5 6. Bd2 Bd6 7. Nf3 O-O 8.
Nxd5 exd5 9. Bxd5 Bxh2 10. Be4 Bd6 11. Bxh7+ Kh8 12. Qc2 Re8 13. Ne5 Bxe5 14.
dxe5 Rxe5 15. O-O-O b6 16. Bb4 a5 17. Rxd8+ 1-0

[Event "Bad Breisig B"]
[Site "?"]
[Date "2002.??.??"]
[Round "3"]
[White "Tost, Guenter"]
[Black "Wempe, Moritz"]
[Result "0-1"]
[WhiteElo "1364"]
[BlackElo "1168"]
[PlyCount "76"]

1. Nf3 d5 2. d4 Nf6 3. e3 Nc6 4. g3 Bg4 5. Bg2 Bxf3 6. Qxf3 e6 7. O-O Bd6 8.
Bd2 O-O 9. a3 e5 10. dxe5 Nxe5 11. Qe2 Re8 12. Rd1 c6 13. Qf1 Nc4 14. Bc1 Be5
15. c3 Qb6 16. Ra2 Qb3 17. Ra1 Nxb2 18. Bxb2 Qxb2 19. f4 Qxa1 20. fxe5 Rxe5 21.
Qd3 Qb2 22. h3 Rae8 23. Qf1 Qb5 24. Qxb5 cxb5 25. Kf2 Ne4+ 26. Bxe4 dxe4 27. g4
f5 28. Rd7 R8e7 29. Rd8+ Kf7 30. Rd6 fxg4 31. hxg4 Rg5 32. Kg3 h5 33. Kh4 Rxg4+
34. Kxh5 Rg3 35. Rd5 g6+ 36. Kh4 Rg1 37. Nd2 Ke6 38. Rxb5 Rh7+ 0-1

[Event "Bad Breisig B"]
[Site "?"]
[Date "2002.??.??"]
[Round "4"]
[White "Wnendt, Heike"]
[Black "Simon, Peter"]
[Result "0-1"]
[WhiteElo "1130"]
[BlackElo "1200"]
[PlyCount "38"]

1. e4 e5 2. Nf3 Nc6 3. Nc3 Nf6 4. d4 exd4 5. Nxd4 Bb4 6. Nxc6 bxc6 7. Bd2 O-O
8. Bd3 Re8 9. f3 d5 10. O-O Bxc3 11. bxc3 dxe4 12. fxe4 Bg4 13. Qe1 Nxe4 14.
Bxe4 f5 15. Rf4 Rxe4 16. Rxe4 fxe4 17. Rd1 Bxd1 18. Qxe4 Qxd2 19. Qe6+ Kh8 0-1